000 00694nmc a2200265 a 4500
003 AR-BaBNM
005 20251128202815.0
008 027019s1955 ||||||||||||||000 | spa||
040 _cAR-BaBNM
100 1 _aMontgomery, Lucy Maud
_d1874-1942
245 1 0 _aLa niña de los cuentos
250 _a1ª ed.
260 _aBuenos Aires
_bACME
_c1955
300 0 _a266 p.
_bláms.
490 0 _aRobin Hood
_vV. 22
650 4 _aLIBROS PARA NINOS
650 4 _aLITERATURA INFANTIL
650 4 _aHISTORIAS DE AMOR
650 4 _aLITERATURA ESTADOUNIDENSE
655 _aLITERATURA
700 1 _aLlobet, J.J.
_etraductor
700 1 _aCuschie, Ely
_eilustrador
942 _cBK
998 _cMARTIN
999 _c669
_d669